00773 a2200229 4500003000500000005001700005008004100022020001500063020001800078082001100096100002000107245014100127250001200268260004900280300002100329490005000350700002200400700002400422700002800446700001900474830005000493NUST20180118114925.0180118b xxu||||| |||| 00| 0 eng d a0521461367 a9780521461368 a530.111 aStephani, Hans.10aExact solutions of einstein's field equations /cHans Stephani, Dietrich Kramer, Malcolm MacCallum, Cornelius Hoenselaers, Eduard Herlt. a2nd ed. a[S.l.] :bCambridge University Press,c2003. a732 p. ;c25 cm.1 aCambridge monographs on mathematical physics.1 aKramer, Dietrich.1 aMacCallum, Malcolm.1 aHoenselaers, Cornelius.1 aHerlt, Eduard. 0aCambridge monographs on mathematical physics.